| 000 | 00910cab a2200253 4500 | ||
|---|---|---|---|
| 001 | ABS50445 | ||
| 008 | 090401t1994 xxu||||| |||| 00| 0 eng d | ||
| 035 | _a(Sirsi) u75775 | ||
| 041 | _aeng | ||
| 100 | _aSolomon, M. | ||
| 245 | _aRetailers on the road to ruin? | ||
| 260 | _c1994 | ||
| 350 | _a0 | ||
| 490 |
_aEstates Gazette _v(9414) 9 April 1994, 36-37(2) |
||
| 520 | _aAn examination of the international retail market, reporting on reasons for success and failure. Includes details of methods of entry and a table of moves by retailers to other countries, by country of destination. | ||
| 650 | _aEUROPE | ||
| 650 | _aINTERNATIONAL COUNCIL OF SHOPPING CENTRES | ||
| 650 | _aOVERSEAS | ||
| 650 | _aPROPERTY-COMMERCIAL PROPERTY-RETAIL PROPERTY-RETAIL PROPERTY MARKET | ||
| 650 | _aRETAILING | ||
| 690 | _aPROPERTY-COMMERCIAL PROPERTY-RETAIL PROPERTY | ||
| 942 | _n0 | ||
| 948 | _c04/03/1997 | ||
| 999 |
_c47663 _d47663 |
||